Revista da micro e pequena empresa

Detalles Bibliográficos
Autor Corporativo: Faculdade Campo Limpo Paulista
Formato: Electrónico Revista
Lenguaje:portugués
Publicado: Campo Limpo Paulista, SP : FACCAMP, Faculdade Campo Limpo Paulista
Materias:
Acceso en línea:Full text available from Research Library: 05/01/2007 to present

MARC

LEADER 00000nas a2200000 a 4500
001 ssj0000778761
003 WaSeSS
005 20200512172242.0
006 m d
007 cr n
008 100426c20079999bl uu p s 0 0por c
010 |a  2012267085 
016 7 |a 1001754336  |2 DE-101 
016 7 |a 2550270-0  |2 DE-600 
022 |a 1982-2537  |l 1982-2537 
035 |a (WaSeSS)ssj0000778761 
040 |a SHS  |b eng  |c SHS  |d OCLCQ  |d DEBBG  |d GWDNB  |d DOS  |d OCLCQ  |d CUS  |d OCLCF  |d OCLCO  |d OCLCQ  |d AU@  |d U3W  |d UAB  |d WaSeSS 
042 |a pcc 
050 4 |a HD2341  |b .R385 online 
084 |a 330  |a 630  |2 zdbs 
210 0 |a Rev. Micro Pequena Empresa 
222 0 |a Revista da Micro e Pequena Empresa 
245 0 0 |a Revista da micro e pequena empresa  |h [electronic resource]. 
246 3 |a RMPE 
246 1 |i Called also:  |a Journal of micro and small business 
260 |a Campo Limpo Paulista, SP :  |b FACCAMP, Faculdade Campo Limpo Paulista 
310 |a Three no. a year 
362 1 |a Began with v. 1, n. 1 (Mai/Ago 2007). 
506 |a License restrictions may limit access. 
588 |a Description based on: V. 1, n. 1 (Mai/Ago 2007); title from PDF caption (publisher website, viewed November 21, 2012). 
588 |a Latest issue consulted: V. 6, n. 2 (Mai/Ago 2012). 
650 0 |a Small business  |v Periodicals. 
650 0 |a Business  |v Periodicals. 
650 7 |a Business.  |2 fast  |0 (OCoLC)fst00842262 
650 7 |a Small business.  |2 fast  |0 (OCoLC)fst01121223 
655 0 |a Electronic journals. 
710 2 |a Faculdade Campo Limpo Paulista. 
856 4 0 |z Full text available from Research Library: 05/01/2007 to present  |u https://search.proquest.com/publication/2043071